[Event "Warsaw Maciei Memorial"]
[Site "Warsaw"]
[Date "2023.07.10"]
[Round "8"]
[White "Szlod, Wiktor"]
[Black "Siekanska, Maria"]
[Result "0-1"]
[WhiteElo "1268"]
[BlackElo "1918"]
[PlyCount "64"]
[EventDate "2023.07.10"]
[EventType "swiss (blitz)"]
[EventRounds "11"]
[EventCountry "POL"]
[SourceTitle "CBM 215 Extra"]
[Source "ChessBase"]
[SourceDate "2023.09.30"]
[SourceVersion "1"]
[SourceVersionDate "2023.09.30"]
[SourceQuality "1"]

1. e4 c5 2. d4 cxd4 3. c3 Nf6 4. e5 Nd5 5. cxd4 d6 6. Nf3 e6 7. Nc3 Nxc3 8. bxc3 Qc7 9. Bb2 Nd7 10. Bb5 a6 11. Bxd7+ Bxd7 12. Qc2 Bb5 13. Rc1 Bc4 14. a3 Rc8 15. Qa4+ Bb5 16. Qb3 Be7 17. exd6 Bxd6 18. Nd2 Bf4 19. Qc2 0-0 20. a4 Bc4 21. Nxc4 Bxc1 22. Qxc1 Qxc4 23. Qc2 Rfe8 24. f4 b5 25. axb5 axb5 26. Kf2 b4 27. Rc1 bxc3 28. Qxc3 Qa6 29. Qd2 Rxc1 30. Bxc1 Rc8 31. Bb2 Qc4 32. Qe2 Qxe2+ 0-1